ARCHITECTURE AND POLYPHONY BUILDING IN THE ISLAMIC WORLD TODAY (Record no. 858784)

MARC details
000 -LEADER
fixed length control field 00344nam a2200133Ia 4500
008 - FIXED-LENGTH DATA ELEMENTS--GENERAL INFORMATION
fixed length control field 230822s2004 xx 000 0 und d
020 ## - INTERNATIONAL STANDARD BOOK NUMBER
International Standard Book Number 0-500-28533-0
041 ## - LANGUAGE CODE
Language code of text/sound track or separate title eng
082 ## - DEWEY DECIMAL CLASSIFICATION NUMBER
Classification number 723
100 ## - MAIN ENTRY--PERSONAL NAME
Personal name BAKER P
245 ## - TITLE STATEMENT
Title ARCHITECTURE AND POLYPHONY BUILDING IN THE ISLAMIC WORLD TODAY
260 ## - PUBLICATION, DISTRIBUTION, ETC.
Name of publisher, distributor, etc. THAMES &HUDSON LTD
Date of publication, distribution, etc. 2004
300 ## - PHYSICAL DESCRIPTION
Extent 175

No items available.